000 01244nam a2200265Ia 4500
003 OSt
005 20221005104352.0
006 a|||||r|||| 00| 0
007 ta
008 221004b |||||||| |||| 00| 0 hin d
020 _a9789350502181 (hbk)
_c1250
024 _a26155
037 _b2341, 19/03/2016, Success Book Service
_cTextual
040 _aCRL
_cCRL
_bhin
041 _2hin
_ahin
082 _aY.2, 152Q5
100 _aवर्मा, रंजना कुमारी
245 0 _aप्राचीन भारतीय सामाजिक संरचना एवं आणुनिक भारतीय समाज
_b एक समाजशास्त्रीय अध्ययन
246 _aPrāchīn bhāratīya sāmājik sanrachanā evan āṇunik bhāratīya samāja: ek samājashāstrīya adhyayana
260 _aदिल्ली
_bबी. आर. पब्लिशिंग कोर्पोरेशन भारत
_c2015
300 _a233पृ0
_ccm.
650 _aभारतीय-लोक साहित्य
942 _hY.2, 152Q5
_cTEXL
_2cc
999 _c1012490
_d1012490